[Event "Klatovy op 22nd"]
[Site "Klatovy"]
[Date "2016.07.07"]
[Round "6"]
[White "Dobias, Daniel"]
[Black "Parizek, Vojtech"]
[Result "0-1"]
[WhiteElo "1827"]
[BlackElo "2104"]
[PlyCount "92"]
[EventDate "2016.07.02"]
[EventType "swiss"]
[EventRounds "9"]
[EventCountry "CZE"]
[SourceTitle "CBM 173 Extra"]
[Source "ChessBase"]
[SourceDate "2016.08.29"]
[SourceVersion "1"]
[SourceVersionDate "2016.08.29"]
[SourceQuality "1"]

1. e4 c5 2. f4 d5 3. exd5 Nf6 4. Bb5+ Bd7 5. Bxd7+ Qxd7 6. c4 e6 7. dxe6 fxe6 8. Nf3 Bd6 9. Ne5 Qc7 10. Qe2 Bxe5 11. Qxe5 Qxe5+ 12. fxe5 Nfd7 13. 0-0 Nxe5 14. b3 Nd3 15. Nc3 Nc6 16. Ne4 Nd4 17. Ba3 Nc2 18. Nxc5 Nxc5 19. Bxc5 Nxa1 20. Rxa1 b6 21. Bd4 0-0 22. Rf1 Rad8 23. Rxf8+ Kxf8 24. Be3 e5 25. c5 bxc5 26. Bxc5+ Kf7 27. Be3 Ke6 28. Kf2 Kd5 29. a4 a5 30. Bb6 Ra8 31. Bc7 Ra7 32. Bb6 Ra6 33. Bc7 g6 34. Ke2 Kc5 35. Bxe5 Kb4 36. d4 Kxb3 37. Kd3 Kxa4 38. Kc4 Rc6+ 39. Kd5 Kb5 40. Ke4 a4 41. d5 Ra6 42. Ba1 a3 43. Kd4 a2 44. Ke5 Kc5 45. Bd4+ Kc4 46. Ba1 Ra5 0-1

[Event "Prague Holiday K31"]
[Site "Prague"]
[Date "2013.07.30"]
[Round "4"]
[White "Dobias, Daniel"]
[Black "Hanl, Frantisek"]
[Result "1/2-1/2"]
[WhiteElo "1800"]
[BlackElo "1953"]
[PlyCount "40"]
[EventDate "2013.07.28"]
[EventType "tourn"]
[EventRounds "9"]
[EventCountry "CZE"]
[SourceTitle "EXT 2023"]
[Source "ChessBase"]
[SourceDate "2022.10.05"]
[SourceVersion "1"]
[SourceVersionDate "2022.10.05"]
[SourceQuality "1"]

1. Nf3 Nf6 2. c4 g6 3. b3 Bg7 4. Bb2 0-0 5. g3 d6 6. Bg2 Nc6 7. 0-0 e5 8. d4 Nd7 9. dxe5 Ndxe5 10. Nc3 Nxf3+ 11. Bxf3 Bh3 12. Bg2 Bxg2 13. Kxg2 f5 14. e3 Qd7 15. Qd2 Rae8 16. Nd5 Ne5 17. Rae1 g5 18. f4 gxf4 19. exf4 Ng4 20. h3 Rxe1 1/2-1/2

[Event "Prague Holiday K31"]
[Site "Prague"]
[Date "2013.07.29"]
[Round "3"]
[White "Taylor, Robert Graham"]
[Black "Dobias, Daniel"]
[Result "1-0"]
[WhiteElo "1958"]
[BlackElo "1800"]
[PlyCount "69"]
[EventDate "2013.07.28"]
[EventType "tourn"]
[EventRounds "9"]
[EventCountry "CZE"]
[SourceTitle "EXT 2023"]
[Source "ChessBase"]
[SourceDate "2022.10.05"]
[SourceVersion "1"]
[SourceVersionDate "2022.10.05"]
[SourceQuality "1"]

1. e4 e5 2. Nc3 Nc6 3. Nf3 Nf6 4. Bb5 Bb4 5. 0-0 0-0 6. d3 d6 7. Bg5 Bxc3 8. bxc3 Bg4 9. h3 Bh5 10. g4 Bg6 11. Nh2 h6 12. Bh4 Qe7 13. Qf3 Qe6 14. Bc4 Qe7 15. a3 Nb8 16. Qg2 Nbd7 17. f4 exf4 18. Rxf4 Qe5 19. Qd2 Qc5+ 20. Bf2 Qc6 21. Ba2 d5 22. exd5 Nxd5 23. Rc4 Qf6 24. Rf1 Rfe8 25. Rd4 N5b6 26. Bg3 Qe7 27. a4 Qc5 28. Qf2 Nf6 29. Nf3 Kh7 30. g5 Nh5 31. Bh4 Qf5 32. gxh6 Kg8 33. Rg4 Nf4 34. Rxf4 Qxf4 35. Qg2 1-0

[Event "Prague Holiday K31"]
[Site "Prague"]
[Date "2013.07.28"]
[Round "2"]
[White "Dobias, Daniel"]
[Black "Hansch, Torsten"]
[Result "0-1"]
[WhiteElo "1800"]
[BlackElo "2116"]
[PlyCount "86"]
[EventDate "2013.07.28"]
[EventType "tourn"]
[EventRounds "9"]
[EventCountry "CZE"]
[SourceTitle "EXT 2023"]
[Source "ChessBase"]
[SourceDate "2022.10.05"]
[SourceVersion "1"]
[SourceVersionDate "2022.10.05"]
[SourceQuality "1"]

1. e4 c5 2. f4 d5 3. e5 Nc6 4. Nf3 Bg4 5. Nc3 e6 6. Bb5 Nh6 7. h3 Bxf3 8. Qxf3 Nf5 9. Bxc6+ bxc6 10. Ne2 Be7 11. b3 0-0 12. Bb2 f6 13. g4 Nh4 14. Qf2 fxe5 15. Bxe5 Ng6 16. Qe3 Bh4+ 17. Kd1 Nxe5 18. Qxe5 Bf6 19. Qxe6+ Kh8 20. c3 d4 21. g5 dxc3 22. Qe3 Re8 23. Qxe8+ Qxe8 24. gxf6 c2+ 25. Kxc2 Qxe2 26. Rae1 Qh5 27. fxg7+ Kg8 28. Re5 Qg6+ 29. Kc1 Rd8 30. Rhe1 Qd3 31. Re8+ Rxe8 32. Rxe8+ Kxg7 33. Re7+ Kf6 34. Rxa7 Qxh3 35. Rc7 Qh1+ 36. Kb2 h5 37. a4 Qd5 38. Kc1 h4 39. a5 h3 40. Rh7 Qxb3 41. a6 Qa3+ 42. Kc2 Qa2+ 43. Kd1 Qxa6 0-1

[Event "Prague Holiday K11"]
[Site "Prague"]
[Date "2013.07.15"]
[Round "3"]
[White "Dobias, Daniel"]
[Black "Cisarik, Pavol"]
[Result "0-1"]
[WhiteElo "1764"]
[BlackElo "1777"]
[PlyCount "100"]
[EventDate "2013.07.14"]
[EventType "tourn"]
[EventRounds "9"]
[EventCountry "CZE"]
[SourceTitle "EXT 2023"]
[Source "ChessBase"]
[SourceDate "2022.10.05"]
[SourceVersion "1"]
[SourceVersionDate "2022.10.05"]
[SourceQuality "1"]

1. e4 e5 2. Nf3 Nc6 3. d4 exd4 4. Nxd4 Nf6 5. Nxc6 bxc6 6. e5 Qe7 7. Qe2 Nd5 8. c4 Ba6 9. b3 g6 10. Ba3 Nb4 11. Bb2 Bg7 12. f4 0-0 13. Qf2 c5 14. a3 Nc6 15. Be2 f6 16. exf6 Bxf6 17. Nc3 Bd4 18. Qf3 Rae8 19. Nd5 Qxe2+ 20. Qxe2 Rxe2+ 21. Kxe2 Bxb2 22. Rae1 Nd4+ 23. Kd3 Bb7 24. Rb1 Bxd5 25. Rxb2 Be6 26. b4 Rxf4 27. bxc5 Nc6 28. Rc1 Rd4+ 29. Ke3 Bf5 30. Rc3 Re4+ 31. Kf2 Ne5 32. Rb7 Rf4+ 33. Kg1 Bd3 34. h3 Bxc4 35. Rxa7 c6 36. a4 Rf1+ 37. Kh2 Ra1 38. Re3 Nf7 39. Re7 Be6 40. Re8+ Kg7 41. Rb8 Ra2 42. Rb4 Kf6 43. Rf4+ Ke5 44. Rf3 Kd5 45. Ra5 Ne5 46. Rf4 Nd3 47. Rh4 h5 48. Kg3 Ne1 49. Ra8 Rxg2+ 50. Kf4 g5+ 0-1

[Event "Prague Holiday K11"]
[Site "Prague"]
[Date "2013.07.14"]
[Round "2"]
[White "Vitek, Jan"]
[Black "Dobias, Daniel"]
[Result "1/2-1/2"]
[WhiteElo "1824"]
[BlackElo "1764"]
[PlyCount "21"]
[EventDate "2013.07.14"]
[EventType "tourn"]
[EventRounds "9"]
[EventCountry "CZE"]
[SourceTitle "EXT 2023"]
[Source "ChessBase"]
[SourceDate "2022.10.05"]
[SourceVersion "1"]
[SourceVersionDate "2022.10.05"]
[SourceQuality "1"]

1. f4 d5 2. Nf3 Nc6 3. e3 Nf6 4. Be2 Bf5 5. b3 d4 6. d3 e6 7. e4 Bg4 8. 0-0 Bb4 9. Bd2 Bxd2 10. Nbxd2 Nh5 11. Ne5 1/2-1/2